<?xml version="1.0" encoding="UTF-8"?>
<record
    xmlns:xsi="http://www.w3.org/2001/XMLSchema-instance"
    xsi:schemaLocation="http://www.loc.gov/MARC21/slim http://www.loc.gov/standards/marcxml/schema/MARC21slim.xsd"
    xmlns="http://www.loc.gov/MARC21/slim">

  <leader>00389nam a22001457a 4500</leader>
  <datafield tag="999" ind1=" " ind2=" ">
    <subfield code="c">100468</subfield>
    <subfield code="d">100468</subfield>
  </datafield>
  <controlfield tag="005">20200310105055.0</controlfield>
  <controlfield tag="008">171205b        xxu||||| |||| 00| 0 eng d</controlfield>
  <datafield tag="020" ind1=" " ind2=" ">
    <subfield code="a">9781864706536</subfield>
  </datafield>
  <datafield tag="040" ind1=" " ind2=" ">
    <subfield code="c">PK-LaUMT</subfield>
  </datafield>
  <datafield tag="082" ind1=" " ind2=" ">
    <subfield code="a">711.4</subfield>
    <subfield code="b">GRE-</subfield>
  </datafield>
  <datafield tag="245" ind1=" " ind2=" ">
    <subfield code="a">Green space in the community /</subfield>
    <subfield code="c">edited by Steffan Robel</subfield>
  </datafield>
  <datafield tag="260" ind1=" " ind2=" ">
    <subfield code="a">Victoria :</subfield>
    <subfield code="b">Images Publsihing,</subfield>
    <subfield code="c">2016</subfield>
  </datafield>
  <datafield tag="300" ind1=" " ind2=" ">
    <subfield code="a">248 p.</subfield>
  </datafield>
  <datafield tag="942" ind1=" " ind2=" ">
    <subfield code="c">BK</subfield>
  </datafield>
  <datafield tag="952" ind1=" " ind2=" ">
    <subfield code="0">0</subfield>
    <subfield code="1">0</subfield>
    <subfield code="4">0</subfield>
    <subfield code="7">0</subfield>
    <subfield code="a">01</subfield>
    <subfield code="b">01</subfield>
    <subfield code="d">2017-12-05</subfield>
    <subfield code="l">4</subfield>
    <subfield code="o">711.4 GRE-</subfield>
    <subfield code="p">116289</subfield>
    <subfield code="r">2024-12-16 20:36:34</subfield>
    <subfield code="s">2024-12-16</subfield>
    <subfield code="w">2017-12-05</subfield>
    <subfield code="y">BK</subfield>
  </datafield>
  <datafield tag="952" ind1=" " ind2=" ">
    <subfield code="0">0</subfield>
    <subfield code="1">0</subfield>
    <subfield code="4">0</subfield>
    <subfield code="7">0</subfield>
    <subfield code="a">01</subfield>
    <subfield code="b">01</subfield>
    <subfield code="d">2020-02-06</subfield>
    <subfield code="l">0</subfield>
    <subfield code="o">711.4 GRE-</subfield>
    <subfield code="p">133148</subfield>
    <subfield code="r">2020-02-06 00:00:00</subfield>
    <subfield code="t">C.2</subfield>
    <subfield code="w">2020-02-06</subfield>
    <subfield code="y">BK</subfield>
  </datafield>
  <datafield tag="952" ind1=" " ind2=" ">
    <subfield code="0">0</subfield>
    <subfield code="1">0</subfield>
    <subfield code="4">0</subfield>
    <subfield code="7">0</subfield>
    <subfield code="a">01</subfield>
    <subfield code="b">01</subfield>
    <subfield code="d">2020-03-10</subfield>
    <subfield code="l">0</subfield>
    <subfield code="o">711.4 GRE-</subfield>
    <subfield code="p">133708</subfield>
    <subfield code="r">2020-03-10 00:00:00</subfield>
    <subfield code="t">C.3</subfield>
    <subfield code="w">2020-03-10</subfield>
    <subfield code="y">BK</subfield>
  </datafield>
</record>
